|
|
|
|
| LEADER |
00000naa2a2200000 4500 |
| 001 |
606923 |
| 005 |
20260306135810.0 |
| 035 |
|
|
|a (RuTPU)RU\TPU\conf\4302
|
| 035 |
|
|
|a RU\TPU\conf\4301
|
| 090 |
|
|
|a 606923
|
| 100 |
|
|
|a 20140620d2014 k y0rusy50 ca
|
| 101 |
0 |
|
|a rus
|
| 102 |
|
|
|a RU
|
| 135 |
|
|
|a drcn ---uucaa
|
| 181 |
|
0 |
|a i
|
| 182 |
|
0 |
|a b
|
| 200 |
1 |
|
|a Характеристика термического разложения органических веществ в производстве активированного угля из рисовой шелухи
|d Characteristics of the thermal decomposition of organic material in the production of activated carbon from rice husk
|f Н. М. Хиеу, Д. Н. Тхонг
|g науч. рук. В. В. Коробочкин
|
| 203 |
|
|
|a Текст
|c электронный
|
| 215 |
|
|
|a 1 файл(410 Кб)
|
| 225 |
1 |
|
|a Химия
|
| 300 |
|
|
|a Заглавие с экрана
|
| 320 |
|
|
|a [Библиогр.: с. 436 (3 назв.)]
|
| 330 |
|
|
|a In this work investigated process of thermal decomposition organic substances in production of activated carbon from rice husk in Vietnam to determine the optimum temperature combustion of rice husk to get active carbon with high activity.
|
| 337 |
|
|
|a Adobe Reader
|
| 463 |
|
1 |
|0 (RuTPU)RU\TPU\conf\3586
|t Перспективы развития фундаментальных наук
|l Prospects of fundamental sciences development
|o сборник научных трудов XI Международной конференция студентов и молодых ученых, г. Томск, 22-25 апреля 2014 г.
|f Национальный исследовательский Томский политехнический университет (ТПУ) ; под ред. Е. А. Вайтулевич
|v [С. 434-436]
|d 2014
|
| 510 |
1 |
|
|a Characteristics of the thermal decomposition of organic material in the production of activated carbon from rice husk
|z eng
|
| 610 |
1 |
|
|a электронный ресурс
|
| 610 |
1 |
|
|a труды учёных ТПУ
|
| 610 |
1 |
|
|a термическое разложение
|
| 610 |
1 |
|
|a органические вещества
|
| 610 |
1 |
|
|a активированный уголь
|
| 610 |
1 |
|
|a рисовая шелуха
|
| 700 |
|
1 |
|a Хиеу
|b Н. М.
|
| 701 |
|
1 |
|a Тхонг
|b Д. Н.
|
| 702 |
|
1 |
|a Коробочкин
|b В. В.
|c российский химик-технолог
|c заведующий кафедрой Томского политехнического университета, доктор технических наук
|f 1951-
|g Валерий Васильевич
|4 727
|
| 712 |
0 |
2 |
|a Национальный исследовательский Томский политехнический университет (ТПУ)
|b Институт физики высоких технологий (ИФВТ)
|b Кафедра биотехнологии и органической химии (БИОХ)
|3 (RuTPU)RU\TPU\col\18693
|
| 712 |
0 |
2 |
|a Национальный исследовательский Томский политехнический университет (ТПУ)
|b Институт природных ресурсов (ИПР)
|b Кафедра общей химической технологии (ОХТ)
|3 (RuTPU)RU\TPU\col\18654
|
| 801 |
|
1 |
|a RU
|b 63413507
|c 20101016
|
| 801 |
|
2 |
|a RU
|b 63413507
|c 20140623
|g RCR
|
| 856 |
4 |
|
|u http://www.lib.tpu.ru/fulltext/c/2014/C21/143.pdf
|
| 942 |
|
|
|c CF
|